| 000 | 01018nam a2200325 4500 | ||
|---|---|---|---|
| 001 | 33773 | ||
| 003 | BD-RjUL | ||
| 005 | 20211209052046.0 | ||
| 008 | 140511s1971 enkab b 000 0 eng d | ||
| 020 | _a0435828495 | ||
| 035 | _a(BD-RjUL)33864 | ||
| 040 |
_aDLC _cDLC _dDLC _dBD-RjUL _beng |
||
| 041 | _aeng | ||
| 082 | 0 | 0 |
_a301.32 _bCHR 1971 |
| 100 | 1 |
_aChisholm, Michael, _d1931- _9102554 |
|
| 245 | 1 | 0 |
_aResearch in human geography / _c Michael Chisholm |
| 260 |
_aLondon : _bHeinemann Educational, _c1971. |
||
| 300 |
_ax, 84 p. : _bill. ; _c19 cm. |
||
| 350 | _a£0.60 | ||
| 490 | 0 | _aReviews of current research, 10 | |
| 490 | 0 | _aAn HEB paperback | |
| 500 | _aPrepared on behalf of the SSRC Committee on Human Geography. | ||
| 504 | _aBibliography: p. 75-84. | ||
| 650 | 0 |
_aHuman geography. _9102555 |
|
| 650 | 0 |
_aGeography _xResearch. _9102556 |
|
| 710 | 2 |
_aSocial Science Research Council. _bCommittee on Human Geography. _9102557 |
|
| 942 |
_2ddc _cBK |
||
| 999 |
_c33773 _d33773 |
||